Every No, Im not a Human Character - Statistics

General Stats
  • This quiz has been taken 10 times
    9 since last reset
  • The average score is 68 of 77
Answer Stats
Answer % Correct
Amogus Guy
100%
Angry Guy
100%
Babushka
100%
Bandana Guy
100%
Bar Guy
100%
Big Momma
100%
Cashier Girl
100%
Cat
100%
Cat Lady
100%
Cheerful Man
100%
Coat Guy
100%
Creepy Guy
100%
Deadbeat Mom
100%
Death
100%
Death Cult Peon #1
100%
Death Cult Peon #2
100%
Death Cult Peon #3
100%
Debtor
100%
Delivery Man
100%
Depressed Twin
100%
Disfigured Firefighter
100%
EnerJeka Addict
100%
FEMA Agent
100%
Fortune Teller
100%
Gravedigger
100%
Husband
100%
Immortal Man
100%
Little Girl
100%
Morbid Romantic
100%
Mushroom Eater
100%
Pale Visitor
100%
Parentless Teenager
100%
Raincoat Child
100%
Smoker Twin
100%
Stoner
100%
Sun Guy
100%
Surgeon
100%
Taxi Driver
100%
Tourist
100%
Vigilante
100%
Wheelchair Guy
100%
Widowed Woman
100%
Wife
100%
Wireface
100%
Wounded Man
100%
Armchair Lawyer Guy
80%
Bearded Huntsman
80%
Best Son
80%
College Runaway
80%
Conspiracy Theorist
80%
Death Cult Leader
80%
Ex-Con
80%
Fairytale Enjoyer
80%
Fetus
80%
Homeless Man
80%
Leper Guy
80%
Man in Hazmat
80%
Neighbor
80%
Prophetic Man
80%
Protagonist
80%
Punk Girl
80%
Rockstar
80%
Seductive Woman
80%
Sleepless Man
80%
Suit Guy
80%
Theater Guy
80%
Blinded Man
60%
Ex-Minister
60%
FEMA Wife
60%
Kindergarten Teacher
60%
Miner
60%
News Reporter
60%
Nun
60%
Stand Up Guy
60%
Tattooed Woman
60%
Weather Reporter
60%
It
40%
No matching quizzes found
Score Distribution
Percent of People with Each Score
Percentile by Number Answered
Your Score History
You have not taken this quiz since the last reset